1341 1415 1268 1690 1007 1762 1770 1779 1518 1563 1415 1317 1064 1861 1600 1567 1805 1284 1226 1389 1551 1018 1443 1162 1862 1574 1769 1419 1322 1271 1484 1864 1820 1363 1121 1279 1903 1994 1095 1306 1881 1233 1772 1482 1932 1016 1591 1706 1028 1456 1820 1823 1034 1068 1972 1086 1254 1501 1973 1121 1735 1321 1018 1736 1094 1196 1929 1637 1836 1092 1079 1659 1499 1361 1142 1376 1620 1202 1724 1684 1131 1733 1900 1021 1075 1543 1292 1489 1362 1263 1332 1381 1337 1589 1523 1879 1153 1713 1983 BCNSPRNW ULIB Ver.6.0+V

เปลี่ยนเป็นภาษาไทย

Change to English
 แสดงรายละเอียดบรรณานุกรม
  กลับหน้าหลัก

Brief Record : Get Marc (ISO 2709) : E-mail record : QR code < ปิดหน้าต่าง
LEADER : 00000nam 2200000uu 4500
001    13399111794
003     ULIB
008    110203s2553||||th 000 0 tha d
020    9746435639(ล.1)
060  4 QZ4^bม246อ ล.1 2553
110 1  มหาวิทยาลัยสุโขทัยธรรมาธิราช^bสาขาวิชาพยาบาลศาสตร์
245 00 เอกสารการสอนชุดวิชา พยาธิสรีรวิทยาและคลินิกสำหรับพยาบาล หน่วยที่1-5=^bPathophysiology and Clinical pharmacology for nurse/^cมหาวิทยาลัยสุโขทัยธรรมาธิราช
246 0  Pathophysiology and Clinical pharmacology for nurse
250    พิมพ์ครั้งที่ 14
260    นนทบุรี:^bศูนย์หนังสือมหาวิทยาลัยสุโขทัยธรรมาธิราช,^c2553
300    468 หน้า
650  7 พยาธิสรีรวิทยา
650  7 เภสัชวิทยา^xคลินิก
650  7 ยา
945    ^p0^l0^i030314
945    ^p0^l0^i030315
945    ^p0^l0^i030316
945    ^p0^l0^i030317
945    ^p0^l0^i030318
945    ^p0^l0^i030319
995    ทศพร
999 ^a ใช้งานได้ทุกระบบ
รายการนี้ยังไม่มีแท็ก
คุณยังไม่ได้ล็อกอิน คุณสามารถมีกิจกรรมร่วมกับเว็บไซต์ได้ แต่ต้องล็อกอินก่อน ::
  ล็อกอิน

รายการสื่อสารสนเทศ

ลำดับที่ ประเภท เลขเรียก/บาร์โค้ด สถานที่ สถานะ
- ไม่พบข้อมูล -

รายการใกล้เคียง
    หัวเรื่อง [พยาธิสรีรวิทยา]
    หัวเรื่อง [ยา]

BibComment


ยังไม่เคยถูกคอมเมนท์

คอมเมนท์ทรัพยากรรายการนี้
  คอมเมนท์: เอกสารการสอนชุดวิ..


 Copyright 2026. Bcnsprnw @Library